000 00947nam a2200241 i 4500
001 159140
003 ES-MaACL
005 20251211180201.0
008 931025s1856 sp f |||| | spa d
080 _a821.134.2-31"18"
100 1 _aMata, Pedro,
_d1811-1877
_978886
245 1 3 _aEl idiota o Los trabucaires del Pirineo :
_bnovela histórica original española /
_cpor Don Pedro Mata.
260 _aMadrid :
_bManini Hermanos,
_c1856.
300 _a703 p., [7] h. de lám. col. ;
_c22 cm.
530 _aDisponible en formato digital.
599 _aLám. firmadas por Urrabieta y por Capuz
700 1 _aVierge, Daniel (
_d1851-1904)
_9114593
700 1 _aCapuz, Tomás Carlos,
_d1834-1899
_9175340
740 4 2 _aLos trabucaires del Pirineo.
852 4 _aES-MaACL
_jC-3314
_z- Enc. hol. grabada
856 4 _uhttp://bdh-rd.bne.es/viewer.vm?id=0000240025&page=1
_zBiblioteca Digital Hispánica
999 _c159140
_d159140